| 000 | 00606nam a2200193 i 4500 | ||
|---|---|---|---|
| 001 | 39988 | ||
| 003 | ES-MaACL | ||
| 005 | 20230906160121.0 | ||
| 007 | t| | ||
| 008 | 030304s1971 sp ||||1| spa d | ||
| 100 | 1 |
_aCarson, Peter. _935858 |
|
| 245 | 1 | 0 |
_aDiagnóstico en Cardiología / _cpor Peter Carson ; versión D. Obrador Mayor y J.M. Domínguez de Rozas. |
| 250 | _a[1ª ed.]. | ||
| 260 |
_aBarcelona : _bToray, _c[1971] |
||
| 300 |
_aXVI, 623 p. : _bil. ; _c24 cm. |
||
| 700 | 1 |
_aObrador Mayor, D. _986418 |
|
| 700 | 1 |
_aDomínguez de Rozas, J. M. _945203 |
|
| 852 |
_aES-MaACL _jC-37898 _bR.78501 |
||
| 999 |
_c39988 _d39988 |
||